Quizzes
Events
Quiz Creation
Community
Videos
Private Events
Remove Ads
Sign In
Join for FREE
Feedback
Dark Mode
Quiz Categories
Sports
Geography
Music
Movies
Television
Just For Fun
Miscellaneous
History
Literature
Language
Science
Gaming
Entertainment
Religion
Holiday
For Kids
Quiz Lab
Recent
Popular Today
Quiz Kudos Today
Editor Picks
Curator Picks
Quizzes by...
Day
Popularity
Type
Ratings
Length
Year
Community
Subscriptions
Recent Discussions
Orange Saloon
Badges
Playlists
Quests
Create
Leaderboards
Showdown
Live 5
Trivia Bingo
Activity
Puzzle Library
Sporcle Events
Private Events
Virtual Trivia
Globe League
Become a Host
Pub Owners
SporcleCon
Opinionation
Our Games
Videos
Blog
Mobile Apps
Partnerships
Remove Ads and Go Orange
Feedback
Sports
Athletes
MLB
NBA
NHL
NFL
Soccer
Sports Teams
WWE
NCAA
Football
Premier League
Basketball
Baseball
Hockey
Golf
Tennis
Cricket
Rugby
Auto Racing
Olympics
World Cup
Sports
Athletes
MLB
NBA
NHL
NFL
Soccer
Sports Teams
WWE
NCAA
Football
Premier League
Basketball
Baseball
Hockey
Golf
Tennis
Cricket
Rugby
Auto Racing
Olympics
World Cup
Random Quiz
Search Sporcle
×
Quiz Lab
Quiz Lab
Sports
Soccer
Type in answers that appear in a list
Type in answers that appear in a list
Classic
Best Score? Go Orange.
Liverpool FC Top 30 PL Goalscorers Stats
Can you name the Top 30 LFC Premier League Goalscorers?
By
steb31
6m
30 Questions
2,689 Plays
2,689 Plays
2,689 Plays
Comments
Comments
Give Quiz Kudos
Give Quiz Kudos
-
- Ratings
hide this ad
More Info
Replay
Link that replays current quiz
Next Quiz
Link to next quiz in quiz playlist
You Got
0%
They Got
Avg Score
69%
Avg Friend Score
Upgrade to see
Score Distribution
Jump to the score distribution portion of the page
Score
0/30
Timer
06:00
0
Plays Today
Goals
Player
% Correct
120
Steven Gerrard
97.2%
151
Mohamed Salah
96.6%
90
Sadio Mane
94.8%
128
Robbie Fowler
93.9%
69
Luis Suarez
93.6%
118
Michael Owen
93.5%
82
Roberto Firmino
92.4%
65
Fernando Torres
91%
45
Ian Rush
81.4%
50
Daniel Sturridge
80.2%
51
Dirk Kuyt
79.1%
29
Jordan Henderson
72.8%
41
Philippe Coutinho
71.3%
22
Peter Crouch
71%
39
Emile Heskey
68.2%
Goals
Player
% Correct
41
Steve McManaman
67.3%
21
John Arne Riise
67.2%
19
James Milner
66.3%
22
John Barnes
64.9%
22
Sami Hyypia
64%
19
Milan Baros
63.2%
29
Jamie Redknapp
58.5%
39
Diogo Jota
56.7%
28
Patrik Berger
55.5%
18
Luis Garcia
54.7%
25
Danny Murphy
53.7%
26
Stan Collymore
53.3%
21
Divock Origi
52.6%
18
Adam Lallana
45.2%
18
Yossi Benayoun
42.2%
Quiz Playlist
Details
Report
Send in Message
Add To Playlist
More Info:
Answers correct as of 2nd February 2024.
Classic:
Type in answers that appear in a list
Quiz Source
Last Updated: Feb 2, 2024
Quiz Scoreboard
CHALLENGE
Sign Up to Join the Scoreboard
Show All
Scores
Hide
Comments
May contain spoilers
Recently Published
Pick 6: Fruits
by JohnFran
Miscellaneous
15s
Click the 1999 NBA Draft
by nibperrychub
Sports
2m
Alphabetical 'K' Countries by Flag Minefield
by ylime102
Geography
3m
More to Explore
Quiz From the Vault
Featured Blog Post
15 Basketball Trivia Facts You Can Be March Mad About
hide this ad
You Might Also Like...
Tags
Football Quiz
Premier League Quiz
Soccer Quiz
Sports Teams Quiz
English Football
Goal Scorers
Goals Scored
Leading Goal
League Goals
Liverpool
Scorer
Top Goalscorers
Today's Top Quizzes in Sports
Browse Sports
hide this ad
Today's Top Quizzes in Soccer
Browse Soccer
Top Contributed Quizzes in Sports
1
Don't Strike Out: 3000 Strikeouts
2
MLB 2 truths and a lie: Hall of Fame pitchers
3
MLB Players with Two .350 Batting Average Seasons
4
Last 10 Members of the 500 HR Club in Order
5
Criteria MLB: Left Handed Sluggers
6
One Time Final Four Teams
7
Millionaire: NBA Finals Edition
8
MLB Teams by First Game
9
Pitchers With Multiple No-Hitters
10
Pick 6: NFL Teams
Explore More
Trending Topics
Harry Potter
Kpop
Marvel
Crossword
NBA
Anime
Disney
Puzzle
NFL
Country
Pokémon
The Office
Song
WWE
Soccer
hide this ad
More By:
steb31
Quiz
Plays
Rating
Category
Featured
Created
Liverpool FC Top 30 PL Goalscorers
2,689
5.00
Sports
Oct 14, 2012
Liverpool's Premier League Players
1,788
5.00
Sports
Apr 24, 2016
LFC 2000-01 Appearances
106
Sports
Mar 12, 2013
Go to Creator's Profile
Score Distribution
Quiz Creator Spotlight
steb31
Follow
Send a Message
Quizzes Created
-
Created Quiz Play Count
-
More By This Creator
Popular Quizzes Today
1
Find the US States - No Outlines Minefield
2
Countries of Asia Without Outlines Minefield
3
Pick 6: Fruits
4
Alphabetical 'K' Countries by Flag Minefield
5
The Countries of the World
6
Click the 1999 NBA Draft
7
Match the Book to the Film X
8
Find the US States
More Sports Quizzes
International Footballers: Join Up the Jamaicans
Quiz Lab
Trending Quizzes
Pick 6: Harry Potter
Pick 6: Mountains
Pick 6: NFL Teams
Pick 6: Golfers
Pick 6: Movie Franchises
Recently Updated
Women's Final Four Teams by Year
bhenderson79
Presidents Quartet II
eogle
Anything But Clue(do)
eogle
Anything But Oceanian Capitals
eogle
Anything But 7
eogle
Anything But Thing
eogle
Word Ladder: February 29
pecheneg
Song Title Questions
pecheneg
Women's NCAA Tournament #1 Seeds
pecheneg
Celebrity Mug Shots
pecheneg
Trending Topics
NBA
Kpop
Marvel
Anime
Disney
Harry Potter
Crossword
NFL
Song
Country
The Office
Puzzle
WWE
Pokémon
Soccer
Your Account Isn't Verified!
In order to create a playlist on Sporcle, you need to verify the email address you used during registration. Go to your
Sporcle Settings
to finish the process.
Report this User
Report this user for behavior that violates our
Community Guidelines
.
Details:
Send Report
Go to the Sporcle.com Mobile Site →
Comments